|
|
|
|
| LEADER |
00000nam0a2200000 4500 |
| 001 |
253654 |
| 005 |
20231101232850.0 |
| 010 |
|
|
|a 5335002123
|
| 020 |
|
|
|a RU
|b 89-45547
|
| 035 |
|
|
|a (RuTPU)RU\TPU\book\276055
|
| 090 |
|
|
|a 253654
|
| 100 |
|
|
|a 20140314d1989 k a0rusy5003 ca
|
| 101 |
0 |
|
|a rus
|
| 102 |
|
|
|a UA
|
| 105 |
|
|
|a y z 001zy
|
| 200 |
1 |
|
|a Повышение коэффициента сменности работы оборудования
|f Г. В. Моисеев [и др.]
|
| 210 |
|
|
|a Киев
|c Тэхника
|d 1989
|
| 215 |
|
|
|a 222 с.
|
| 320 |
|
|
|a Библиогр.: с. 221-222 (32 назв.)
|
| 606 |
1 |
|
|a Контроль за производственным процессом
|2 stltpush
|3 (RuTPU)RU\TPU\subj\15514
|9 41749
|
| 610 |
1 |
|
|a промышленное оборудование
|
| 610 |
1 |
|
|a коэффициент
|
| 610 |
1 |
|
|a оборудование
|
| 610 |
1 |
|
|a коэффициент сменности
|
| 610 |
1 |
|
|a динамика
|
| 610 |
1 |
|
|a интенсификация
|
| 610 |
1 |
|
|a автоматизация
|
| 610 |
1 |
|
|a рабочие места
|
| 610 |
1 |
|
|a сбалансированность
|
| 675 |
|
|
|a 658.5.011.46
|z rus
|
| 701 |
|
1 |
|a Моисеев
|b Г. В.
|
| 701 |
|
1 |
|a Левина
|b Е. В.
|
| 701 |
|
1 |
|a Михальская
|b В. А.
|
| 701 |
|
1 |
|a Шубик
|b В. Б.
|
| 801 |
|
0 |
|a RU
|b RuMRKP
|c 19950417
|g psbo
|
| 801 |
|
1 |
|a RU
|b 63413507
|c 20140314
|
| 801 |
|
2 |
|a RU
|b 63413507
|c 20140428
|g RCR
|
| 942 |
|
|
|c BK
|